000 00420nam a2200145Ia 4500
008 090124s9999 xx 000 0 und d
082 _b400952
245 _a बाल रामायण
250 _a1
260 _bचिटणीस शं. ल (शंकर लक्ष्मण)
_c1971
300 _a143
630 _a बाल रामायण
730 _a बाल रामायण
942 _cBOOK
999 _c197223
_d197223